Los negocios del señor gato: historias y rimas felinas / (Registro nro. 3480)
[ vista simple ]
| 000 -LEADER | |
|---|---|
| fixed length control field | 01119nam a2200253Ia 4500 |
| 003 - CONTROL NUMBER IDENTIFIER | |
| control field | OSt |
| 005 - DATE AND TIME OF LATEST TRANSACTION | |
| control field | 20200601175606.0 |
| 008 - FIXED-LENGTH DATA ELEMENTS--GENERAL INFORMATION | |
| fixed length control field | 191128s9999 xx 000 0 und d |
| 020 ## - INTERNATIONAL STANDARD BOOK NUMBER | |
| International Standard Book Number | 9788420792347 |
| 040 ## - CATALOGING SOURCE | |
| Original cataloging agency | CO-JMCR |
| Transcribing agency | CO-JMCR |
| 041 ## - LANGUAGE CODE | |
| Language code of text/sound track or separate title | spa |
| 082 04 - DEWEY DECIMAL CLASSIFICATION NUMBER | |
| Classification number | C / |
| Item number | RODn |
| 100 ## - MAIN ENTRY--PERSONAL NAME | |
| Personal name | Rodari, Gianni, |
| Dates associated with a name | 1920-1980 |
| Fuller form of name | autor |
| 9 (RLIN) | 4881 |
| 245 10 - TITLE STATEMENT | |
| Title | Los negocios del señor gato: historias y rimas felinas / |
| Statement of responsibility, etc. | Gianni Rodari ; Traducción de J.C. Fernandez-Capparrós, Ilustraciones de montse Ginesta |
| 250 ## - EDITION STATEMENT | |
| Edition statement | Primera edición |
| 260 ## - PUBLICATION, DISTRIBUTION, ETC. | |
| Place of publication, distribution, etc. | Madrid ; España |
| Name of publisher, distributor, etc. | Anaya, |
| Date of publication, distribution, etc. | 1999 |
| 300 ## - PHYSICAL DESCRIPTION | |
| Extent | 88 páginas : |
| Other physical details | ilustracioes a color ; |
| Dimensions | 20 cm |
| 490 ## - SERIES STATEMENT | |
| Series statement | Sopa de libros N.35 |
| 500 ## - GENERAL NOTE | |
| General note | Icluye datos biográficos del autor en la página 85 |
| 520 ## - SUMMARY, ETC. | |
| Summary, etc. | "¿Puede existir algo mas sucuelento que un ratón en lata? Es loq ue el señor gato pretende vender en su reciente tienda de alimentación. Para ello cuenta con una cajera y un ayudante muy eficaces: La publicidad funciona y la lista de pedidos de los clie |
| 534 ## - ORIGINAL VERSION NOTE | |
| Introductory phrase | Gli affari del signor gatto |
| 650 ## - SUBJECT ADDED ENTRY--TOPICAL TERM | |
| Topical term or geographic name entry element | Cuentos infantiles |
| 9 (RLIN) | 4882 |
| 942 ## - ADDED ENTRY ELEMENTS (KOHA) | |
| Source of classification or shelving scheme | Dewey Decimal Classification |
| Koha item type | Books |
| Withdrawn status | Lost status | Source of classification or shelving scheme | Damaged status | Not for loan | Collection code | Home library | Current library | Date acquired | Cost, normal purchase price | Total Checkouts | Full call number | Barcode | Date last seen | Date last checked out | Copy number | Koha item type |
|---|---|---|---|---|---|---|---|---|---|---|---|---|---|---|---|---|
| Dewey Decimal Classification | Fiction | Biblioteca Pública José María del Castillo y Rada | Biblioteca Pública José María del Castillo y Rada | 11/28/2019 | 0.00 | 2 | C / RODn | 201811629 | 03/16/2020 | 03/16/2020 | Ej.1 | Books |